000 00423nam a2200133Ia 4500
003 GCL
008 140319s9999 xx 000 0 ara d
040 _aGCL /
_cGCL
082 0 4 _a622.42
_bج ت
245 1 0 _aتكييف الهواء فى الخيام والمنشات الغشائية والمنسجية
260 _a[S.N] :
_bالدار الدولية للنشر والتوزيع ،
_c1992
300 _a148 ص
490 _a
999 _c34943
_d34943